| 000 | 00000nam 2200000za 4500 |
| 001 | 9.857304 |
| 003 | CaOODSP |
| 005 | 20240925091302 |
| 007 | cr ||||||||||| |
| 008 | 180601t20182016pic ob f000 0 eng d |
| 020 | |a9780660267890 |
| 040 | |aCaOODSP|beng |
| 041 | |aeng|bfre |
| 043 | |an-cn--- |
| 086 | 1 |aV32-392/2018E-PDF |
| 245 | 02|aA well-being construct for veterans’ policy, programming and research |h[electronic resource] / |cJim Thompson … [et al.]. |
| 260 | |aCharlottetown, P.E.I. : |bVeterans Affairs Canada, |c[2018], c2016. |
| 300 | |a39 p. |
| 490 | 1 |aVAC Research Directorate technical report |
| 500 | |aCover title. |
| 500 | |a"07 September 2016." |
| 504 | |aIncludes bibliographical references. |
| 520 | |a"This paper describes the Veterans’ well-being construct that emerged at VAC over the past decade in a consensus-seeking, multidisciplinary process informed by reviews of published literature, expert consultations and evidence from the Life After Service Studies (LASS). The objective of this paper is to describe the well-being construct and place it within a conceptual framework with utility in (1) the development and evaluation of policy, programming and service delivery and (2) research in Veterans’ issues. The goal is to support the well-being of Canadian Veterans and their families in life after service"--Executive summary, p. 4. |
| 546 | |aIncludes executive summary in French. |
| 692 | 07|2gccst|aVeterans |
| 692 | 07|2gccst|aServices |
| 692 | 07|2gccst|aGovernment policy |
| 700 | 1 |aThompson, James M., |d1952- |
| 710 | 1 |aCanada. |bVeterans Affairs Canada. |bResearch Directorate. |
| 830 | #0|aTechnical report (Canada. Veterans Affairs Canada. Research Directorate)|w(CaOODSP)9.844433 |
| 856 | 40|qPDF|s409 KB|uhttps://publications.gc.ca/collections/collection_2018/acc-vac/V32-392-2018-eng.pdf |